Oscar Winning Films of the 1940's - Statistics

General Stats
  • This quiz has been taken 61 times
    32 since last reset
  • The average score is 45 of 124
Answer Stats
Category Year Movie % Correct
Picture 1943 Casablanca
100%
Picture 1940 Rebecca
100%
Director 1940 The Grapes of Wrath
100%
Picture 1949 All the King's Men
83%
Original Screenplay 1941 Citizen Kane
83%
Picture 1941 How Green Was My Valley
83%
Lead Actress 1941 Suspicion
83%
Picture 1946 The Best Years of Our Lives
83%
Adapted Screenplay 1940 The Philadelphia Story
83%
Director 1948 The Treasure of the Sierra Madre
83%
Lead Actor 1942 Yankee Doodle Dandy
83%
Scoring of a Musical Picture 1941 Dumbo
67%
Lead Actress 1944 Gaslight
67%
Picture 1947 Gentleman's Agreement
67%
Picture 1944 Going My Way
67%
Lead Actress 1940 Kitty Foyle
67%
Lead Actress 1945 Mildred Pierce
67%
Adapted Screenplay 1947 Miracle on 34th Street
67%
Picture 1942 Mrs. Miniver
67%
Original Score/Scoring 1940 Pinocchio
67%
Film Editing 1942 Pride of the Yankees
67%
Lead Actor 1941 Sergeant York
67%
Music Score of a Dramatic or Comedy Picture 1945 Spellbound
67%
Sound Mixing 1947 The Bishop's Wife
67%
Lead Actress 1949 The Heiress
67%
Picture 1945 The Lost Weekend
67%
International Feature 1949 Bicycle Thieves
50%
Cinematography (Black and White) 1947 Great Expectations
50%
Picture 1948 Hamlet
50%
Cinematography (Color) 1948 Joan of Arc
50%
Lead Actress 1948 Johnny Belinda
50%
Supporting Actress 1948 Key Largo
50%
Cinematography (Black and White) 1944 Laura
50%
Supporting Actress 1945 National Velvet
50%
Cinematography (Color) 1943 The Phantom of the Opera
50%
Supporting Actress 1946 The Razor's Edge
50%
Sound Mixing 1948 The Snake Pit
50%
Cinematography (Color) 1946 The Yearling
50%
Supporting Actor 1949 Twelve O'Clock High
50%
Lead Actor 1943 Watch on the Rhine
50%
Original Screenplay 1942 Woman of the Year
50%
Best Story 1942 49th Parallel
33%
Lead Actor 1947 A Double Life
33%
Director 1949 A Letter to Three Wives
33%
Scoring of a Musical Picture 1945 Anchors Aweigh
33%
Supporting Actor 1945 A Tree Grows in Brooklyn
33%
Cinematography (Color) 1947 Black Narcissus
33%
Visual Effects 1946 Blithe Spirit
33%
Supporting Actress 1943 For Whom the Bell Tolls
33%
Original Song 1942 Holiday Inn
33%
Supporting Actor 1942 Johnny Eager
33%
Production Design (Color) 1949 Little Women
33%
Supporting Actress 1944 None But the Lonely Heart
33%
Music Score of a Dramatic or Comedy Picture 1942 Now, Voyager
33%
Scoring of a Musical Picture 1949 On the Town
33%
Production Design (Black and White) 1940 Pride and Prejudice
33%
Cinematography (Color) 1949 She Wore a Yellow Ribbon
33%
Sound Mixing 1945 The Bells of St. Mary's
33%
Lead Actress 1947 The Farmer's Daughter
33%
Supporting Actress 1941 The Great Lie
33%
Scoring of a Musical Picture 1946 The Jolson Story
33%
Supporting Actor 1943 The More the Merrier
33%
Music Score of a Dramatic or Comedy Picture 1948 The Red Shoes
33%
Lead Actress 1943 The Song of Bernadette
33%
Original Song 1947 The Song of the South
33%
Supporting Actor 1940 The Westerner
33%
Lead Actress 1946 To Each His Own
33%
Original Screenplay 1944 Wilson
33%
Film Editing 1943 Air Force
17%
Cinematography (Black and White) 1946 Anna and the King of Siam
17%
Original Screenplay 1949 Battleground
17%
Cinematography (Color) 1941 Blood and Sand
17%
Production Design (Black and White) 1945 Blood on the Sun
17%
Production Design (Color) 1941 Blossoms in the Dust
17%
Film Editing 1947 Body and Soul
17%
Film Editing 1949 Champion
17%
Scoring of a Musical Picture 1944 Cover Girl
17%
Visual Effects 1943 Crash Dive
17%
Scoring of a Musical Picture 1948 Easter Parade
17%
Production Design (Color) 1945 Frenchman's Creek
17%
Visual Effects 1947 Green Dolphin Street
17%
Original Song 1943 Hello, Frisco, Hello
17%
Adapted Screenplay 1941 Here Comes Mr. Jordan
17%
Visual Effects 1941 I Wanted Wings
17%
Original Song 1941 Lady Be Good
17%
Cinematography (Color) 1945 Leave Her to Heaven
17%
Original Screenplay 1945 Marie-Louise
17%
Visual Effects 1949 Mighty Joe Young
17%
International Feature 1948 Monsieur Vincent
17%
Scoring of a Musical Picture 1947 Mother Wore Tights
17%
Production Design (Color) 1942 My Gal Sal
17%
Original Song 1949 Neptune's Daughter
17%
Film Editing 1940 North West Mounted Police
17%
Visual Effects 1948 Portrait of Jennie
17%
Original Screenplay 1943 Princess O'Rourke
17%
Visual Effects 1942 Reap the Wild Wind
17%
International Feature 1947 Shoe-Shine
17%
Music Score of a Dramatic or Comedy Picture 1944 Since You Went Away
17%
Original Song 1945 State Fair
17%
Sound Mixing 1940 Strike Up the Band
17%
Sound Mixing 1941 That Hamilton Woman
17%
Costume Design (Color) 1949 The Adventures of Don Juan
17%
Original Screenplay 1947 The Bachelor and the Bobby-Soxer
17%
Cinematography (Color) 1942 The Black Swan
17%
Music Score of a Dramatic or Comedy Picture 1941 The Devil and Daniel Webster
17%
Original Screenplay 1940 The Great McGinty
17%
Original Song 1946 The Harvey Girls
17%
Best Story 1945 The House on 92nd Street
17%
Cinematography (Black and White) 1948 The Naked City
17%
Original Song 1948 The Paleface
17%
Cinematography (Black and White) 1945 The Picture of Dorian Gray
17%
Best Story 1948 The Search
17%
Original Screenplay 1946 The Seventh Veil
17%
Best Story 1949 The Stratton Story
17%
Cinematography (Color) 1940 The Thief of Bagdad
17%
Visual Effects 1944 Thirty Seconds over Tokyo
17%
Production Design (Black and White) 1942 This Above All
17%
Scoring of a Musical Picture 1943 This is the Army
17%
Sound Mixing 1943 This Land is Mine
17%
Original Score/Scoring 1940 Tin Pan Alley
17%
Visual Effects 1945 Wonder Man
17%
Best Story 1940 Arise, My Love
0%
Best Story 1943 The Human Comedy
0%
Best Story 1946 Vacation from Marriage
0%
No matching quizzes found
Score Distribution
Percent of People with Each Score
Percentile by Number Answered
Your Score History
You have not taken this quiz since the last reset